Amendment to code of fair competition for the printers' rollers industry as approved on November 27, 1934.

Bibliographic Details
Corporate Author: United States. National Recovery Administration (Author)
Format: Government Document eBook
Language:English
Published: Washington : United States Government Printing Office, 1934.
Subjects:
Online Access:https://purl.fdlp.gov/GPO/gpo49916

MARC

Tag First Indicator Second Indicator Subfields
LEADER 00000cam a2200000 i 4500
001 in00003478310
005 20211120172444.0
006 m o d f
007 cr bn|||||||||
008 140613s1934 dcu o f000 0 eng c
035 |a (OCoLC)ocn881381568 
040 |a GPO  |b eng  |e rda  |e pn  |c GPO  |d MvI  |d UtOrBLW 
042 |a pcc 
043 |a n-us--- 
049 |a WWW 
074 |a 9999 (online) 
086 0 |a Y 3.N 21/8:7 AP.106/AMDT.2 
110 1 |a United States.  |b National Recovery Administration,  |e author. 
245 1 0 |a Amendment to code of fair competition for the printers' rollers industry as approved on November 27, 1934. 
246 3 0 |a Printers' rollers industry 
264 1 |a Washington :  |b United States Government Printing Office,  |c 1934. 
300 |a 1 online resource (4 pages) 
336 |a text  |b txt  |2 rdacontent 
337 |a computer  |b c  |2 rdamedia 
338 |a online resource  |b cr  |2 rdacarrier 
500 |a Title from title screen (viewed June 13, 2014). 
500 |a At head of title: National Recovery Administration. 
500 |a "Registry number 1325-03." 
500 |a "Approved code number 106--Amendment number 2." 
500 |a Publication pre-dates item numbers. No item number has been assigned. 
650 0 |a Rollers (Printing)  |z United States. 
650 0 |a Printing machinery and supplies  |z United States. 
776 0 8 |i Print version:  |a United States. National Recovery Administration.  |t Amendment to code of fair competition for the printers' rollers industry as approved on November 27, 1934  |w (OCoLC)655334822 
856 4 0 |u https://purl.fdlp.gov/GPO/gpo49916  |t 0 
999 |a MARS 
999 f f |s cb7cd992-f05e-33f5-8099-ff195e0e7e28  |i a4357483-f774-34e9-b75d-7aad95870d10  |t 0 
952 f f |a Texas A&M University  |b College Station  |c Electronic Resources  |d Available Online  |t 0  |e Y 3.N 21/8:7 AP.106/AMDT.2  |h Superintendent of Documents classification 
998 f f |a Y 3.N 21/8:7 AP.106/AMDT.2  |t 0  |l Available Online